[Event "Daventry 4NCL Easter Open"]
[Site "Daventry"]
[Date "2025.04.21"]
[Round "7.4"]
[White "Burrows, Martin P"]
[Black "Richmond, Frank"]
[Result "1-0"]
[WhiteElo "2141"]
[BlackElo "1944"]
[PlyCount "75"]
[EventDate "2025.04.18"]
[EventType "swiss"]
[EventRounds "7"]
[EventCountry "ENG"]
[SourceTitle "BritBase"]
[Source "John Saunders"]
[SourceDate "2025.09.17"]
[SourceVersion "1"]
[SourceVersionDate "2025.09.17"]
[SourceQuality "1"]

1. e4 e6 2. d4 d5 3. Nc3 Nf6 4. e5 Nfd7 5. f4 c5 6. Nf3 Nc6 7. Be3 a6 8. Qd2 b5 9. a3 Qa5 10. dxc5 Bxc5 11. Bxc5 Nxc5 12. Nd4 Qb6 13. Nxc6 Qxc6 14. Qd4 Qb6 15. Be2 Nd7 16. O-O-O Qxd4 17. Rxd4 f6 18. exf6 Nxf6 19. a4 bxa4 20. Rxa4 O-O 21. Rd1 Nd7 22. g3 Bb7 23. Bg4 Nc5 24. Ra5 Rac8 25. Kb1 Kf7 26. Ne2 Ne4 27. Nd4 Rce8 28. Nf3 Ke7 29. Ne5 Nd6 30. Be2 g6 31. Rd4 Ra8 32. Bd3 Ra7 33. Rb4 Rfa8 34. Kc1 Kd8 35. Kd2 Kc7 36. Rc5+ Kd8 37. Rb6 Nc4+ 38. Bxc4 1-0

[Event "Daventry 4NCL Easter Open"]
[Site "Daventry"]
[Date "2025.04.21"]
[Round "7.5"]
[White "Okhai, Shabir"]
[Black "Jones, Steven A"]
[Result "1/2-1/2"]
[WhiteElo "2222"]
[BlackElo "2291"]
[PlyCount "71"]
[EventDate "2025.04.18"]
[EventType "swiss"]
[EventRounds "7"]
[EventCountry "ENG"]
[SourceTitle "BritBase"]
[Source "John Saunders"]
[SourceDate "2025.09.17"]
[SourceVersion "1"]
[SourceVersionDate "2025.09.17"]
[SourceQuality "1"]

1. e4 c5 2. Nf3 Nc6 3. Bb5 e5 4. O-O Bd6 5. c3 Nge7 6. Re1 Qc7 7. h3 a6 8. Ba4 b5 9. Bb3 O-O 10. d4 Ng6 11. Be3 c4 12. Bc2 exd4 13. cxd4 Nb4 14. e5 Nxc2 15. Qxc2 Bb4 16. Bd2 Bxd2 17. Nbxd2 d6 18. b3 dxe5 19. bxc4 exd4 20. Nxd4 Qc5 21. N4b3 Qg5 22. Ne4 Qf4 23. c5 Bf5 24. Nd4 Rfe8 25. Nf6+ gxf6 26. Nxf5 Re5 27. Nd6 Qd4 28. Rac1 Nf4 29. Rxe5 Qxe5 30. Kf1 Ne6 31. Qe4 Rd8 32. Qxe5 fxe5 33. Nf5 Kf8 34. c6 Nc7 35. Ke2 f6 36. g4 1/2-1/2

[Event "Daventry 4NCL Easter Open"]
[Site "Daventry"]
[Date "2025.04.21"]
[Round "7.6"]
[White "Kothari, Jai"]
[Black "Potter, John M"]
[Result "1/2-1/2"]
[WhiteElo "2204"]
[BlackElo "2159"]
[PlyCount "52"]
[EventDate "2025.04.18"]
[EventType "swiss"]
[EventRounds "7"]
[EventCountry "ENG"]
[SourceTitle "BritBase"]
[Source "John Saunders"]
[SourceDate "2025.09.17"]
[SourceVersion "1"]
[SourceVersionDate "2025.09.17"]
[SourceQuality "1"]

1. e4 e6 2. d4 d5 3. Bd3 dxe4 4. Bxe4 Nf6 5. Bf3 c5 6. Ne2 Nc6 7. Be3 e5 8. Bxc6+ bxc6 9. dxe5 Qxd1+ 10. Kxd1 Ng4 11. Re1 Ba6 12. Nd2 O-O-O 13. Kc1 Nxe5 14. Ne4 Ng4 15. Bf4 Re8 16. f3 f5 17. Kd2 Ne5 18. Bxe5 Rxe5 19. N4c3 Be7 20. Rad1 Bg5+ 21. f4 Bh6 22. g3 Rd8+ 23. Kc1 Rde8 24. Kd2 Rd8+ 25. Kc1 Rde8 26. Kd2 Rd8+ 1/2-1/2

[Event "Daventry 4NCL Easter Open"]
[Site "Daventry"]
[Date "2025.04.21"]
[Round "7.8"]
[White "Elgar, Tim"]
[Black "Hadi, Justin"]
[Result "1/2-1/2"]
[WhiteElo "2210"]
[BlackElo "1977"]
[PlyCount "133"]
[EventDate "2025.04.18"]
[EventType "swiss"]
[EventRounds "7"]
[EventCountry "ENG"]
[SourceTitle "BritBase"]
[Source "John Saunders"]
[SourceDate "2025.09.17"]
[SourceVersion "1"]
[SourceVersionDate "2025.09.17"]
[SourceQuality "1"]

1. Nf3 d5 2. g3 Nf6 3. Bg2 Bf5 4. O-O h6 5. c4 c6 6. Qb3 Qb6 7. d3 e6 8. Be3 Qxb3 9. axb3 a6 10. Bd2 Nbd7 11. Bc3 Be7 12. Nbd2 O-O 13. b4 Rfd8 14. Rfc1 Rac8 15. Nd4 Bh7 16. N4b3 e5 17. cxd5 Nxd5 18. Nc5 Nxc5 19. bxc5 Nxc3 20. Rxc3 Rd4 21. Raa3 Rb4 22. Rab3 Rb5 23. Nc4 f6 24. Na3 Rxb3 25. Rxb3 Rc7 26. Rc3 Bf5 27. Kf1 Be6 28. Nc2 Kf7 29. e3 Rd7 30. Ke2 Bd5 31. Bh3 Be6 32. Bg2 Bd5 33. Bxd5+ Rxd5 34. d4 exd4 35. exd4 f5 36. Kd3 g6 37. Ne3 Rd7 38. Kc4 Bf6 39. Rd3 h5 40. Kc3 h4 41. Nc4 hxg3 42. hxg3 Kg7 43. f4 Rd5 44. b4 Rd7 45. Ne5 Rd5 46. Kc4 Bd8 47. Re3 Bf6 48. Re2 Rd8 49. Rh2 Be7 50. Kd3 Bf6 51. Ke3 Be7 52. g4 fxg4 53. Nxg4 g5 54. f5 Bf6 55. Ne5 Rh8 56. Rxh8 Kxh8 57. Nf7+ Kg7 58. Nd6 g4 59. Ne4 Bh4 60. Kf4 Be1 61. Kxg4 Bxb4 62. Kf4 a5 63. Ke3 a4 64. Kd3 Ba5 65. Kc4 b5+ 66. cxb6 Bxb6 67. Kb4 1/2-1/2

[Event "Daventry 4NCL Easter Open"]
[Site "Daventry"]
[Date "2025.04.21"]
[Round "7.9"]
[White "Cox, Tristan A"]
[Black "Gunarathne, Senith"]
[Result "1-0"]
[WhiteElo "2181"]
[BlackElo "2064"]
[PlyCount "83"]
[EventDate "2025.04.18"]
[EventType "swiss"]
[EventRounds "7"]
[EventCountry "ENG"]
[SourceTitle "BritBase"]
[Source "John Saunders"]
[SourceDate "2025.09.17"]
[SourceVersion "1"]
[SourceVersionDate "2025.09.17"]
[SourceQuality "1"]

1. d4 f5 2. Bg5 h6 3. Bh4 g5 4. e3 Nf6 5. Bg3 Bg7 6. Nc3 e6 7. h4 g4 8. Bd3 d6 9. Nge2 Nc6 10. Nf4 Rg8 11. Bc4 Qe7 12. Qe2 Bd7 13. Nxe6 Bxe6 14. d5 Bf7 15. dxc6 bxc6 16. Bxf7+ Qxf7 17. Qa6 Kd7 18. Rd1 Rgb8 19. O-O Rxb2 20. Qa3 Rbb8 21. Bxd6 cxd6 22. Qxd6+ Ke8 23. Qxc6+ Kf8 24. Qc5+ Kg8 25. Qxf5 Rd8 26. e4 Rac8 27. e5 Nd7 28. Qxg4 Nxe5 29. Qe4 Qg6 30. Qb7 Qc6 31. Qb3+ Kh8 32. Rxd8+ Rxd8 33. Rd1 Rc8 34. Nb5 Qxc2 35. Rd8+ Kh7 36. Qg8+ Kg6 37. Rd6+ Kf5 38. Nd4+ Kf4 39. g3+ Ke4 40. Qh7+ Ng6 41. Qxg6+ Ke5 42. Qe6# 1-0

[Event "Daventry 4NCL Easter Open"]
[Site "Daventry"]
[Date "2025.04.21"]
[Round "7.10"]
[White "Sasikumar, Srivathsan"]
[Black "Baer, Bruce L"]
[Result "1-0"]
[WhiteElo "2058"]
[BlackElo "2046"]
[PlyCount "61"]
[EventDate "2025.04.18"]
[EventType "swiss"]
[EventRounds "7"]
[EventCountry "ENG"]
[SourceTitle "BritBase"]
[Source "John Saunders"]
[SourceDate "2025.09.17"]
[SourceVersion "1"]
[SourceVersionDate "2025.09.17"]
[SourceQuality "1"]

1. e4 g6 2. d4 Bg7 3. Nc3 a6 4. f4 b5 5. a3 d6 6. Nf3 Bb7 7. Be3 Nd7 8. Bd3 c5 9. h3 Rc8 10. O-O cxd4 11. Nxd4 Rxc3 12. bxc3 Ngf6 13. f5 Nc5 14. fxg6 hxg6 15. Rb1 Bxe4 16. Nb3 Nxd3 17. cxd3 Ba8 18. Qd2 Qd7 19. Nd4 Rxh3 20. Nf5 gxf5 21. gxh3 Qc6 22. Kh2 Nd5 23. Bd4 e5 24. Rg1 Bf6 25. Be3 f4 26. Bf2 Kd7 27. Rbc1 e4 28. dxe4 Nxc3 29. Bd4 Bxd4 30. Qxd4 Ne2 31. Qf6 1-0

[Event "Daventry 4NCL Easter Open"]
[Site "Daventry"]
[Date "2025.04.21"]
[Round "7.11"]
[White "Hertog, Alexander"]
[Black "Gilmore, Simon N"]
[Result "1-0"]
[WhiteElo "2015"]
[BlackElo "2039"]
[PlyCount "71"]
[EventDate "2025.04.18"]
[EventType "swiss"]
[EventRounds "7"]
[EventCountry "ENG"]
[SourceTitle "BritBase"]
[Source "John Saunders"]
[SourceDate "2025.09.17"]
[SourceVersion "1"]
[SourceVersionDate "2025.09.17"]
[SourceQuality "1"]

1. d4 Nf6 2. c4 e6 3. g3 c5 4. d5 b5 5. dxe6 fxe6 6. Bg2 d5 7. cxd5 Bb7 8. Bg5 Bxd5 9. Bxf6 gxf6 10. e4 Bc6 11. Qh5+ Kd7 12. Nc3 Kc7 13. Rd1 Qe8 14. Qxe8 Bxe8 15. e5 Bc6 16. Bxc6 Kxc6 17. exf6 Bd6 18. Nf3 Bc7 19. Ng5 h6 20. Nf7 Rf8 21. Nxh6 Rxf6 22. Ng4 Rf8 23. h4 b4 24. Ne4 Nd7 25. h5 Ne5 26. Nxe5+ Bxe5 27. b3 Bd4 28. Ke2 Rf5 29. g4 Rf4 30. f3 a5 31. g5 a4 32. g6 axb3 33. axb3 Ra3 34. h6 Rxb3 35. Rxd4 cxd4 36. Nd2 1-0

[Event "Daventry 4NCL Easter Open"]
[Site "Daventry"]
[Date "2025.04.21"]
[Round "7.12"]
[White "Cast, Julian"]
[Black "Burton, Sean"]
[Result "1/2-1/2"]
[WhiteElo "2006"]
[BlackElo "1904"]
[PlyCount "65"]
[EventDate "2025.04.18"]
[EventType "swiss"]
[EventRounds "7"]
[EventCountry "ENG"]
[SourceTitle "BritBase"]
[Source "John Saunders"]
[SourceDate "2025.09.17"]
[SourceVersion "1"]
[SourceVersionDate "2025.09.17"]
[SourceQuality "1"]

1. d4 f5 2. Nc3 Nf6 3. Bg5 d5 4. Bxf6 exf6 5. e3 c6 6. Bd3 Bd6 7. Qf3 g6 8. Nge2 Be6 9. h4 Qd7 10. Nf4 Na6 11. h5 Rg8 12. hxg6 hxg6 13. Nxe6 Qxe6 14. Rh7 Nc7 15. O-O-O O-O-O 16. Rdh1 Rd7 17. R7h6 Qe8 18. g3 Ne6 19. R1h2 Re7 20. Qh1 Kc7 21. Rh8 Ng5 22. Rxg8 Qxg8 23. Rh8 Qe6 24. Rh6 Bxg3 25. Qg2 Bd6 26. Rxg6 Ne4 27. Bxe4 fxe4 28. Rg7 f5 29. Rg6 Qf7 30. Qg5 Qf8 31. Rg8 Qf7 32. Rg6 Qf8 33. Rg8 1/2-1/2

[Event "Daventry 4NCL Easter Open"]
[Site "Daventry"]
[Date "2025.04.21"]
[Round "7.13"]
[White "Ward, Cian"]
[Black "De Silva, Sithun"]
[Result "1-0"]
[WhiteElo "1993"]
[BlackElo "1920"]
[PlyCount "45"]
[EventDate "2025.04.18"]
[EventType "swiss"]
[EventRounds "7"]
[EventCountry "ENG"]
[SourceTitle "BritBase"]
[Source "John Saunders"]
[SourceDate "2025.09.17"]
[SourceVersion "1"]
[SourceVersionDate "2025.09.17"]
[SourceQuality "1"]

1. e4 e6 2. d4 d5 3. Nd2 c5 4. exd5 Qxd5 5. dxc5 Bxc5 6. Ngf3 Nf6 7. Bc4 Qc6 8. O-O O-O 9. Qe2 a6 10. Nb3 Bd6 11. Rd1 b5 12. Bd3 Nbd7 13. Bd2 Qc7 14. Rac1 Nc5 15. Nxc5 Bxc5 16. b4 Bb6 17. c4 bxc4 18. Rxc4 Qe7 19. Bg5 h6 20. Bxf6 Qxf6 21. Qe4 Rd8 22. Qxa8 Rxd3 23. Rxc8+ 1-0

[Event "Daventry 4NCL Easter Open"]
[Site "Daventry"]
[Date "2025.04.21"]
[Round "7.14"]
[White "Cook, Phil"]
[Black "Li, Reya"]
[Result "1/2-1/2"]
[WhiteElo "2101"]
[BlackElo "1895"]
[PlyCount "71"]
[EventDate "2025.04.18"]
[EventType "swiss"]
[EventRounds "7"]
[EventCountry "ENG"]
[SourceTitle "BritBase"]
[Source "John Saunders"]
[SourceDate "2025.09.17"]
[SourceVersion "1"]
[SourceVersionDate "2025.09.17"]
[SourceQuality "1"]

1. e4 e5 2. Nf3 Nc6 3. d4 exd4 4. Nxd4 Bc5 5. Nb3 Bb6 6. Nc3 Qf6 7. Qe2 Nge7 8. Be3 Bxe3 9. Qxe3 d6 10. O-O-O Be6 11. Nb5 Bxb3 12. axb3 Kd7 13. f4 Kc8 14. Kb1 Re8 15. Be2 a6 16. Qh3+ Kb8 17. Qd7 Rc8 18. Nc3 Qxf4 19. Rhf1 Qxh2 20. Rxf7 Qxg2 21. Rxe7 Nxe7 22. Qxe7 Ka7 23. Bc4 h5 24. Bd5 g5 25. e5 Qg3 26. exd6 Qxd6 27. Qxg5 Qh2 28. Rh1 Qf2 29. Rxh5 Re8 30. Be4 Qe1+ 31. Ka2 Rxe4 32. Nxe4 Qxe4 33. Qc5+ b6 34. Qxc7+ Qb7 35. Qh2 Rd8 36. Rh7 1/2-1/2

[Event "Daventry 4NCL Easter Open"]
[Site "Daventry"]
[Date "2025.04.21"]
[Round "7.15"]
[White "Deighan, Matthew J"]
[Black "Shivakumar, Akshath"]
[Result "1/2-1/2"]
[WhiteElo "1811"]
[BlackElo "2007"]
[PlyCount "43"]
[EventDate "2025.04.18"]
[EventType "swiss"]
[EventRounds "7"]
[EventCountry "ENG"]
[SourceTitle "BritBase"]
[Source "John Saunders"]
[SourceDate "2025.09.17"]
[SourceVersion "1"]
[SourceVersionDate "2025.09.17"]
[SourceQuality "1"]

1. e4 c5 2. Nf3 Nc6 3. d4 cxd4 4. Nxd4 Nf6 5. Nc3 d6 6. f3 Nxd4 7. Qxd4 e6 8. Be3 e5 9. Qd2 a6 10. O-O-O Be6 11. g4 Qa5 12. a3 Rc8 13. g5 Nd7 14. Nd5 Qa4 15. Nc3 Qc6 16. f4 Nc5 17. Bxc5 Qxc5 18. f5 Bd7 19. Kb1 b5 20. Nd5 Bc6 21. c3 Bxd5 22. Qxd5 1/2-1/2

[Event "Daventry 4NCL Easter Open"]
[Site "Daventry"]
[Date "2025.04.21"]
[Round "7.16"]
[White "Ganguly, Aryaman"]
[Black "Sahoo, Shivam"]
[Result "1/2-1/2"]
[WhiteElo "1992"]
[BlackElo "1794"]
[PlyCount "113"]
[EventDate "2025.04.18"]
[EventType "swiss"]
[EventRounds "7"]
[EventCountry "ENG"]
[SourceTitle "BritBase"]
[Source "John Saunders"]
[SourceDate "2025.09.17"]
[SourceVersion "1"]
[SourceVersionDate "2025.09.17"]
[SourceQuality "1"]

1. e4 c5 2. Nf3 Nc6 3. d4 cxd4 4. Nxd4 Nf6 5. Nc3 e5 6. Ndb5 d6 7. Bg5 a6 8. Na3 b5 9. Nd5 Be7 10. Bxf6 Bxf6 11. c3 O-O 12. Nc2 Be7 13. Be2 Be6 14. Nce3 Rb8 15. O-O Qd7 16. Qd2 Bg5 17. Qd3 a5 18. a3 Rb7 19. Rfd1 Rd8 20. Bf3 Be7 21. g3 Bf8 22. Bg2 Kh8 23. f4 f6 24. f5 Bf7 25. g4 Rdb8 26. b4 axb4 27. axb4 Ra7 28. Kh1 Qb7 29. Rxa7 Qxa7 30. Qf1 Ne7 31. Ra1 Qb7 32. Nxe7 Bxe7 33. Ra3 Qb6 34. Qd3 h6 35. Bf1 Be8 36. Nd5 Qb7 37. Nxe7 Qxe7 38. Ra6 Rd8 39. Bg2 Qc7 40. h4 Bc6 41. Qe3 Bb7 42. Qb6 Qb8 43. Ra5 Bxe4 44. Qxb5 Bxg2+ 45. Kxg2 Qxb5 46. Rxb5 Rc8 47. Rd5 Rxc3 48. Rxd6 Rc4 49. Kg3 Rxb4 50. g5 fxg5 51. hxg5 hxg5 52. Rg6 Rf4 53. Rxg5 Kh7 54. Kg2 Rh4 55. Kf3 Rf4+ 56. Kg3 Kh6 57. Rg6+ 1/2-1/2

[Event "Daventry 4NCL U2000"]
[Site "Daventry"]
[Date "2025.04.18"]
[Round "1.1"]
[White "Willow, Hambel M"]
[Black "Kearney, James I G"]
[Result "1/2-1/2"]
[WhiteElo "1850"]
[BlackElo "1995"]
[PlyCount "78"]
[EventDate "2025.04.18"]
[EventType "swiss"]
[EventRounds "7"]
[EventCountry "ENG"]
[SourceTitle "BritBase"]
[Source "John Saunders"]
[SourceDate "2025.09.17"]
[SourceVersion "1"]
[SourceVersionDate "2025.09.17"]
[SourceQuality "1"]

1. d4 Nf6 2. c4 e5 3. dxe5 Ng4 4. Bf4 Nc6 5. Nf3 Bb4+ 6. Nbd2 Qe7 7. a3 Ngxe5 8. Nxe5 Nxe5 9. e3 Bxd2+ 10. Qxd2 O-O 11. Be2 a5 12. O-O a4 13. Rad1 d6 14. Bxe5 dxe5 15. Qc2 Ra6 16. Bf3 f5 17. g3 Rh6 18. Rd2 e4 19. Bg2 Bd7 20. Rfd1 Bc6 21. Rd4 g5 22. Qd2 Rff6 23. Rd8+ Kf7 24. Qb4 Rd6 25. R8xd6 Rxd6 26. Rxd6 Qxd6 27. Qxd6 cxd6 28. Kf1 b5 29. cxb5 Bxb5+ 30. Ke1 Ke6 31. Kd2 Kd5 32. Kc3 Kc5 33. g4 Bd7 34. gxf5 Bxf5 35. Bf1 Bd7 36. Be2 h6 37. Bf1 Be6 38. Be2 Bd7 39. Bf1 Be6 1/2-1/2

[Event "Daventry 4NCL U2000"]
[Site "Daventry"]
[Date "2025.04.18"]
[Round "1.2"]
[White "Waterfield, Mark B"]
[Black "Slinger, AJ (Tony)"]
[Result "0-1"]
[WhiteElo "1990"]
[BlackElo "1848"]
[PlyCount "134"]
[EventDate "2025.04.18"]
[EventType "swiss"]
[EventRounds "7"]
[EventCountry "ENG"]
[SourceTitle "BritBase"]
[Source "John Saunders"]
[SourceDate "2025.09.17"]
[SourceVersion "1"]
[SourceVersionDate "2025.09.17"]
[SourceQuality "1"]

1. e4 d5 2. exd5 Nf6 3. Bb5+ Nbd7 4. Nf3 a6 5. Ba4 b5 6. Bb3 Bb7 7. c3 Nxd5 8. d4 g6 9. O-O Bg7 10. Re1 O-O 11. Qe2 e6 12. Bg5 Qc8 13. Qd2 c5 14. Bh6 Qc7 15. a4 c4 16. Bc2 N5f6 17. Bxg7 Kxg7 18. Qe2 Bd5 19. Nbd2 Rfb8 20. axb5 axb5 21. Ne5 Nxe5 22. dxe5 Nd7 23. f4 b4 24. Be4 bxc3 25. bxc3 Qb6+ 26. Kf1 Rxa1 27. Rxa1 Qb2 28. Ra7 Qc1+ 29. Qe1 Qxe1+ 30. Kxe1 Nc5 31. Bxd5 exd5 32. Ke2 Kf8 33. Ke3 h5 34. Ra5 Rc8 35. Nf3 Ke7 36. g3 Rc7 37. Rb5 Na4 38. Kd4 Rd7 39. Rb4 Ra7 40. Ng5 f6 41. Nh7 fxe5+ 42. fxe5 Ke6 43. Nf6 Ra5 44. Ne8 Nxc3 45. Kxc3 Kxe5 46. Nc7 Ke4 47. Nb5 Ra1 48. Rb2 Rc1+ 49. Kd2 Rh1 50. Kc3 Rc1+ 51. Kd2 Rh1 52. Kc3 Rc1+ 53. Kb4 Kd3 54. Nc7 c3 55. Rb3 d4 56. Nd5 g5 57. Nf6 Rc2 58. h4 gxh4 59. gxh4 Rb2 60. Nd5 Kd2 61. Nb6 Kc2 62. Rxb2+ cxb2 63. Nc4 d3 64. Na3+ Kc1 65. Kb3 d2 66. Ka2 d1=Q 67. Nb1 Qa4+ 0-1

[Event "Daventry 4NCL U2000"]
[Site "Daventry"]
[Date "2025.04.18"]
[Round "1.3"]
[White "Ronald, Ted"]
[Black "Ireland, David J"]
[Result "1/2-1/2"]
[WhiteElo "1826"]
[BlackElo "1967"]
[PlyCount "101"]
[EventDate "2025.04.18"]
[EventType "swiss"]
[EventRounds "7"]
[EventCountry "ENG"]
[SourceTitle "BritBase"]
[Source "John Saunders"]
[SourceDate "2025.09.17"]
[SourceVersion "1"]
[SourceVersionDate "2025.09.17"]
[SourceQuality "1"]

1. e4 c5 2. d4 cxd4 3. c3 d5 4. Qxd4 dxe4 5. Qxe4 Nc6 6. Bb5 Bd7 7. Nf3 Nf6 8. Qe2 e6 9. O-O Qc7 10. Bg5 Be7 11. Nbd2 O-O 12. Rfd1 Rad8 13. Bxf6 Bxf6 14. Ne4 Be7 15. Bd3 Ne5 16. Bc2 Nxf3+ 17. Qxf3 Bc6 18. Qh5 g6 19. Qh6 Qe5 20. f4 Qf5 21. Ng5 Bxg5 22. Qxf8+ Kxf8 23. Bxf5 Rxd1+ 24. Rxd1 Bxf4 25. Bg4 Ke7 26. Bf3 e5 27. Bxc6 bxc6 28. Kf2 f5 29. g3 Bg5 30. h4 Bf6 31. b4 Ke6 32. a4 Be7 33. b5 cxb5 34. axb5 e4 35. c4 Bc5+ 36. Kg2 Bb6 37. Rd5 h6 38. Kf1 g5 39. hxg5 hxg5 40. g4 fxg4 41. Rxg5 Kf6 42. Rxg4 Ke5 43. Rg6 Kd4 44. Rc6 Bc5 45. Re6 e3 46. Ke2 Kxc4 47. Rxe3 Bxe3 48. Kxe3 Kxb5 49. Kd2 Ka4 50. Kc2 Ka3 51. Kb1 1/2-1/2

[Event "Daventry 4NCL U2000"]
[Site "Daventry"]
[Date "2025.04.18"]
[Round "1.4"]
[White "Bramson, Mike"]
[Black "Lawrence, Spencer"]
[Result "1-0"]
[WhiteElo "1953"]
[BlackElo "1825"]
[PlyCount "37"]
[EventDate "2025.04.18"]
[EventType "swiss"]
[EventRounds "7"]
[EventCountry "ENG"]
[SourceTitle "BritBase"]
[Source "John Saunders"]
[SourceDate "2025.09.17"]
[SourceVersion "1"]
[SourceVersionDate "2025.09.17"]
[SourceQuality "1"]

1. e4 e5 2. Nc3 Nf6 3. Bc4 Nxe4 4. Qh5 Nd6 5. Bb3 Be7 6. d3 Nc6 7. Nf3 g6 8. Qh6 Nf5 9. Qd2 O-O 10. Nd5 Nfd4 11. c3 Nxf3+ 12. gxf3 Bf6 13. h4 h5 14. Rg1 Na5 15. Rxg6+ fxg6 16. Nxf6+ Kg7 17. Qh6+ Kxf6 18. Bg5+ Kf5 19. Bxd8 1-0

[Event "Daventry 4NCL U2000"]
[Site "Daventry"]
[Date "2025.04.18"]
[Round "1.5"]
[White "Dean, Robert A"]
[Black "Jackson, Gary C"]
[Result "1/2-1/2"]
[WhiteElo "1790"]
[BlackElo "1950"]
[PlyCount "94"]
[EventDate "2025.04.18"]
[EventType "swiss"]
[EventRounds "7"]
[EventCountry "ENG"]
[SourceTitle "BritBase"]
[Source "John Saunders"]
[SourceDate "2025.09.17"]
[SourceVersion "1"]
[SourceVersionDate "2025.09.17"]
[SourceQuality "1"]

1. e4 c5 2. f4 d6 3. Nf3 Nc6 4. Bc4 g6 5. Nc3 Bg7 6. O-O Nf6 7. d3 a6 8. Qe1 b5 9. Bb3 b4 10. Nd5 e6 11. Ne3 O-O 12. f5 a5 13. fxg6 fxg6 14. a4 bxa3 15. Rxa3 Qe7 16. Nc4 Ng4 17. h3 Nge5 18. Nfxe5 Rxf1+ 19. Qxf1 Nxe5 20. Nxa5 Bd7 21. Qe2 Bb5 22. Nc4 Rf8 23. Ne3 Nc6 24. c3 Ne5 25. Nc4 Nxc4 26. Bxc4 Bxc4 27. dxc4 Qh4 28. Bd2 Be5 29. Be1 Qf4 30. g3 Qc1 31. Kg2 Rb8 32. Ra2 Qb1 33. b4 cxb4 34. cxb4 Bd4 35. b5 e5 36. Ra6 Bc5 37. Ra2 h5 38. Rb2 Qc1 39. Rc2 Qa1 40. Ra2 Qc1 41. Rc2 Qg5 42. Bd2 Qe7 43. Be3 Bb4 44. Rb2 Bc3 45. Rc2 Ba5 46. Ra2 Bb4 47. Rb2 Bc3 1/2-1/2

[Event "Daventry 4NCL U2000"]
[Site "Daventry"]
[Date "2025.04.18"]
[Round "1.6"]
[White "Tart, Peter K"]
[Black "Poderico, Francesco"]
[Result "1-0"]
[WhiteElo "1935"]
[BlackElo "1756"]
[PlyCount "55"]
[EventDate "2025.04.18"]
[EventType "swiss"]
[EventRounds "7"]
[EventCountry "ENG"]
[SourceTitle "BritBase"]
[Source "John Saunders"]
[SourceDate "2025.09.17"]
[SourceVersion "1"]
[SourceVersionDate "2025.09.17"]
[SourceQuality "1"]

1. e4 e6 2. Nc3 c5 3. f4 d5 4. Nf3 Nc6 5. Bb5 Nge7 6. exd5 exd5 7. Qe2 Bg4 8. Bxc6+ bxc6 9. O-O Qd6 10. d3 O-O-O 11. Na4 Nf5 12. c3 Be7 13. Qf2 Bxf3 14. Qxf3 h5 15. b3 Qg6 16. Ba3 d4 17. c4 Ne3 18. f5 Qf6 19. Rf2 h4 20. Nxc5 Rh6 21. Ne4 Qe5 22. c5 Rd5 23. f6 gxf6 24. Nd6+ Bxd6 25. cxd6 Rg6 26. Re1 Qg5 27. Qe4 Rg8 28. Qe7 1-0

[Event "Daventry 4NCL U2000"]
[Site "Daventry"]
[Date "2025.04.18"]
[Round "1.7"]
[White "Dhingra, Kanvansh"]
[Black "Fallowfield, Nicholas"]
[Result "1-0"]
[WhiteElo "1749"]
[BlackElo "1909"]
[PlyCount "69"]
[EventDate "2025.04.18"]
[EventType "swiss"]
[EventRounds "7"]
[EventCountry "ENG"]
[SourceTitle "BritBase"]
[Source "John Saunders"]
[SourceDate "2025.09.17"]
[SourceVersion "1"]
[SourceVersionDate "2025.09.17"]
[SourceQuality "1"]

1. e4 Nf6 2. e5 Nd5 3. d4 d6 4. c4 Nb6 5. f4 dxe5 6. fxe5 c5 7. d5 g6 8. Nf3 Bg4 9. Nc3 Bg7 10. Bf4 O-O 11. h3 Bxf3 12. Qxf3 N8d7 13. Qe3 Qb8 14. e6 Ne5 15. Bg3 fxe6 16. dxe6 Nbxc4 17. Bxc4 Nxc4 18. Qg5 Be5 19. Bxe5 Nxe5 20. O-O-O c4 21. Rhf1 Nd3+ 22. Kc2 Qd6 23. Nd5 Nb4+ 24. Nxb4 Qxb4 25. Qe5 c3 26. bxc3 Qc4 27. Qd5 Qa4+ 28. Kb2 Qa6 29. Rf7 Qb6+ 30. Kc2 Rad8 31. Qe5 Rxf7 32. exf7+ Kxf7 33. Rf1+ Kg8 34. Qxe7 Qd6 35. Rf8+ 1-0

[Event "Daventry 4NCL U2000"]
[Site "Daventry"]
[Date "2025.04.18"]
[Round "1.8"]
[White "Obi, Okwose Marc"]
[Black "Fisher, Neal"]
[Result "1-0"]
[WhiteElo "1896"]
[BlackElo "1749"]
[PlyCount "39"]
[EventDate "2025.04.18"]
[EventType "swiss"]
[EventRounds "7"]
[EventCountry "ENG"]
[SourceTitle "BritBase"]
[Source "John Saunders"]
[SourceDate "2025.09.17"]
[SourceVersion "1"]
[SourceVersionDate "2025.09.17"]
[SourceQuality "1"]

1. c4 e5 2. g3 Nf6 3. Bg2 c6 4. d4 Bb4+ 5. Nc3 exd4 6. Qxd4 Bxc3+ 7. bxc3 O-O 8. Nf3 d5 9. O-O dxc4 10. Qxc4 Qd5 11. Qa4 Qe4 12. Nd4 Qe5 13. Bf4 Qc5 14. Rfc1 Nd5 15. Nb3 Qb6 16. Bxb8 Rxb8 17. c4 Nf6 18. c5 Qb5 19. Qxa7 Bf5 20. Nd4 1-0

[Event "Daventry 4NCL U2000"]
[Site "Daventry"]
[Date "2025.04.18"]
[Round "1.9"]
[White "Calvert, George"]
[Black "Johnson, Richard J"]
[Result "1-0"]
[WhiteElo "1705"]
[BlackElo "1894"]
[PlyCount "36"]
[EventDate "2025.04.18"]
[EventType "swiss"]
[EventRounds "7"]
[EventCountry "ENG"]
[SourceTitle "BritBase"]
[Source "John Saunders"]
[SourceDate "2025.09.17"]
[SourceVersion "1"]
[SourceVersionDate "2025.09.17"]
[SourceQuality "1"]

1. e4 c5 2. d4 cxd4 3. c3 Nf6 4. e5 Nd5 5. cxd4 e6 6. Nf3 b6 7. Bd3 Bb7 8. O-O d6 9. Nc3 Nxc3 10. bxc3 Qc7 11. Bb5+ Bc6 12. Qd3 Be7 13. Ba3 O-O 14. Bxc6 Nxc6 15. exd6 Bxd6 16. Bxd6 Qxd6 17. Ng5 f5 18. Rfe1 Rae8 1-0

[Event "Daventry 4NCL U2000"]
[Site "Daventry"]
[Date "2025.04.18"]
[Round "1.11"]
[White "Saha, Soumil"]
[Black "Griffin-Young, Sebastian"]
[Result "1-0"]
[WhiteElo "1674"]
[BlackElo "1875"]
[PlyCount "64"]
[EventDate "2025.04.18"]
[EventType "swiss"]
[EventRounds "7"]
[EventCountry "ENG"]
[SourceTitle "BritBase"]
[Source "John Saunders"]
[SourceDate "2025.09.17"]
[SourceVersion "1"]
[SourceVersionDate "2025.09.17"]
[SourceQuality "1"]

1. d4 Nf6 2. Nc3 g6 3. Bf4 Bg7 4. e4 d6 5. Qd2 O-O 6. Bh6 Nbd7 7. Bxg7 Kxg7 8. O-O-O c6 9. h4 h5 10. f3 Qc7 11. Be2 b5 12. g4 Nb6 13. gxh5 Nxh5 14. d5 a6 15. dxc6 Qxc6 16. Nh3 Be6 17. Kb1 Bc4 18. Nf4 Qc5 19. Nxh5+ Qxh5 20. Qd4+ e5 21. Qxb6 Bxe2 22. Nxe2 Qxf3 23. Nc3 b4 24. Rdf1 Qg3 25. Qxd6 bxc3 26. Qf6+ Kh7 27. h5 g5 28. Rhg1 Qe3 29. Rxg5 Rg8 30. Qxf7+ Kh8 31. Qf6+ Kh7 32. Qe7+ Kh8 1-0